Statistics for Things That Go Together Quiz #2

Click here to take the quiz!

General Stats

  • This quiz has been taken 39,861 times
  • The average score is 18 of 30

Answer Stats

Famous Pair % Correct
{Gin} & Tonic
95%
{Law} & Order
91%
{Right} & Wrong
90%
{Lost} & Found
88%
{War} & Peace
86%
{Table} & Chairs
85%
{Milk} & Cookies
84%
{Skull} & Crossbones
83%
{Sugar} & Spice
74%
{Judge} & Jury
74%
Mashed Potatoes & {Gravy}
72%
{Fire} & Brimstone
62%
Ebb & {Flow}
61%
{Meat} & Potatoes
60%
{Port} & Starboard
59%
{Song} & Dance
56%
{Curds} & Whey
56%
{Hammer} & Sickle
53%
Liver & {Onions}
52%
{Death} & Taxes
51%
{Rhythm} & Blues
50%
Franks & {Beans}
46%
{Wax} & Wane
42%
Diet & {Exercise}
40%
Slings & {Arrows}
34%
Vim & {Vigor}
33%
Pints & {Quarts}
28%
{Hem} & Haw
24%
{Bread} & Circuses
15%
Sturm & {Drang}
15%

Score Distribution

Percentile by Number Answered

Percent of People with Each Score

Your Score History

You have not taken this quiz